000 00457nam a2200181Ia 4500
003 LK-CoDNM
005 20240119105506.0
008 010623t1945 xxu||||| |||| 00| 1 sin d
040 _aLK-CoDNM
_dLK-CoDNM
_eLK-CoDNM
041 _asin
080 _a104
_bI 23
100 _aA,E.R.Erathna.B.A.
245 _aප්‍රේම පංචමී
246 _aPrema Panchami
260 _bSirisoma Ranasinghe
_c1945
300 _b50p, 21 cm
942 _cBK
999 _c100602
_d100602